Normal view
MARC view
- Koppelman, Lee.
Entry Personal Name
001 - CONTROL NUMBER
- control field: 25780
003 - CONTROL NUMBER IDENTIFIER
- control field: NUST
005 - DATE AND TIME OF LATEST TRANSACTION
- control field: 20191118113038.0
008 - FIXED-LENGTH DATA ELEMENTS
- fixed length control field: 191118|| aca||aabn | a|a d
040 ## - CATALOGING SOURCE
- Original cataloging agency: NUST
- Transcribing agency: NUST
100 ## - HEADING--PERSONAL NAME
- Personal name: Koppelman, Lee.
670 ## - SOURCE DATA FOUND
- Source citation: Work cat.: (NUST)0: De Chiara, Joseph, 1929- 23361, Urban planning and design criteria /, c1982.
